"Weasley is Our King" Lyrics Quiz - Statistics

General Stats
  • This quiz has been taken 57 times
    56 since last reset
  • The average score is 16 of 20
Answer Stats
% Correct
Weasley is our {King}
100%
Weasley is our {King}
100%
Weasley is our {King}
100%
Weasley is our {King}
100%
Weasley is our {King}
100%
Weasley is our {King}
100%
Weasley is our {King}
100%
Weasley is our {King}
100%
Weasley is our {King}
100%
He {always} lets the Quaffle in
83%
He {always} lets the Quaffle in
83%
He didn't let the {Quaffle} in
74%
He cannot block a single {ring}
65%
Weasley was born in a {bin}
65%
Weasley cannot {save} a thing
63%
{Weasley} will make sure we win
63%
That's why {Slytherins} all sing
57%
That's why {Gryffindors} all sing
52%
Weasley can save {anything}
39%
He never {leaves} a single ring
22%
No matching quizzes found
Score Distribution
Percent of People with Each Score
Percentile by Number Answered
Your Score History
You have not taken this quiz since the last reset